Central Library OPAC University of Rajshahi

A case of need : (Record no. 63355)

MARC details
000 -LEADER
fixed length control field 00634nam a2200217 a 4500
001 - CONTROL NUMBER
control field 63355
003 - CONTROL NUMBER IDENTIFIER
rucl marc code BD-RjUL
005 - DATE AND TIME OF LATEST TRANSACTION
control field 20211209081204.0
008 - FIXED-LENGTH DATA ELEMENTS--GENERAL INFORMATION
fixed length control field 170129s1968 nyu 000 1 eng d
035 ## - SYSTEM CONTROL NUMBER
System control number (BD-RjUL)63484
040 ## - CATALOGING SOURCE
Original cataloging agency DLC
Transcribing agency DLC
Modifying agency DLC
-- BD-RjUL
Language of cataloging eng
041 ## - LANGUAGE CODE
Language code of text/sound track or separate title eng
082 ## - DEWEY DECIMAL CLASSIFICATION NUMBER
Edition number 23
Classification number 813.54
Author mark and year HUC 1968
100 1# - MAIN ENTRY--PERSONAL NAME
Personal name Hudson, Jeffrey,
Dates associated with a name 1942-2008.
9 (RLIN) 188537
245 12 - TITLE STATEMENT
Title A case of need :
Remainder of title a novel /
Statement of responsibility, etc. by Jeffery Hudson.
260 ## - PUBLICATION, DISTRIBUTION, ETC. (IMPRINT)
Place of publication, distribution, etc. New York :
Name of publisher, distributor, etc. World Pub. Co.,
Date of publication, distribution, etc. 1968
300 ## - PHYSICAL DESCRIPTION
Pagination 343 p. :
Size 22 cm.
650 ## - SUBJECT ADDED ENTRY--TOPICAL TERM
Topical term or geographic name as entry element Physicians
Geographic subdivision United States
Form subdivision Fiction.
9 (RLIN) 188538
Topical term or geographic name as entry element Abortion
Geographic subdivision Fiction.
9 (RLIN) 188539
942 ## - ADDED ENTRY ELEMENTS (KOHA)
Source of classification or shelving scheme Dewey Decimal Classification
Koha item type Books
Holdings
Lost status Source of classification or shelving scheme Damaged status Not for loan Collection code Permanent Location Current Location Shelving location Date acquired Source of acquisition Total Checkouts Full call number Date last seen Copy number Koha item type
  Dewey Decimal Classification   Not For Loan Non-fiction Central Library, University of Rajshahi Central Library, University of Rajshahi Reading Room 09/12/1970 Gift   813.54 HUC 1968 29/01/2017 C-1 Books